Contribution of study on forest genetic resources in ratanakiri province, វិភាគទាននៃការសិក្សាអំពីធនធានសេនេទិចព្រៃឈើនៅក្នុងខេត្តរតនៈគិរី (Record no. 3111)

000 -LEADER
fixed length control field 00618nam a22001577a 4500
003 - CONTROL NUMBER IDENTIFIER
control field OSt
005 - DATE AND TIME OF LATEST TRANSACTION
control field 20151104134754.0
008 - FIXED-LENGTH DATA ELEMENTS--GENERAL INFORMATION
fixed length control field 151104b xxu||||| |||| 00| 0 eng d
040 ## - CATALOGING SOURCE
Transcribing agency RUA
082 ## - DEWEY DECIMAL CLASSIFICATION NUMBER
Classification number FOR AM 1996 B123 Or.1
100 ## - MAIN ENTRY--PERSONAL NAME
9 (RLIN) 3335
Personal name AM, CHANBORITH.
245 ## - TITLE STATEMENT
Title Contribution of study on forest genetic resources in ratanakiri province, វិភាគទាននៃការសិក្សាអំពីធនធានសេនេទិចព្រៃឈើនៅក្នុងខេត្តរតនៈគិរី
260 ## - PUBLICATION, DISTRIBUTION, ETC. (IMPRINT)
Place of publication, distribution, etc. Phnom Penh
Name of publisher, distributor, etc. RUA
Date of publication, distribution, etc. 1996
300 ## - PHYSICAL DESCRIPTION
Extent 74p.
Other physical details ill.
Dimensions 29cm.
942 ## - ADDED ENTRY ELEMENTS (KOHA)
Source of classification or shelving scheme
Koha item type FOR
Holdings
Price effective from Date last seen Permanent Location Not for loan Date acquired Source of classification or shelving scheme Koha item type Lost status Withdrawn status Date last checked out Total Checkouts Shelving location Damaged status Barcode Current Location Full call number
2015-11-042015-11-04Library Block B 2015-11-04 FOR    B123 RUA028017Library Block BFOR AM 1996 B123 Or.1
2015-11-042015-11-04Library Block B 2015-11-04 FOR    B123 RUA028383Library Block BFOR AM 1996 B123 Or.2
2015-11-042015-11-04Library Block B 2015-11-04 FOR    B123 RUA028444Library Block BFOR AM 1996 B123 Or.3
2015-11-042016-07-23Library Block B 2015-11-04 FOR  2016-07-061B123 RUA028948Library Block BFOR AM 1996 B123 Or.4
2015-11-042015-11-04Library Block B 2015-11-04 FOR    B123 RUA028092Library Block BFOR AM 1996 B123 Or.5
មជ្ឈមណ្ឌលឯការនៃសាកលវិទ្យាល័យភូមិន្ទកសិកម្មចំការដូង

Powered by Koha